000
00255nam a2200097Ia 4500
001
644959
005
20250826153614.0
008
250824s9999 xx 000 0 und d
245
0
_a
Ece Yüce/Ay Dede Kime Gülümsüyordu
_c
Gülten Dayıoğlu
260
_b
ALTIN
999
_c
644959
_d
644959